The algebra of warfare-welfare: (Record no. 173038)

MARC details
000 -LEADER
fixed length control field 00704nam a22002057a 4500
005 - DATE AND TIME OF LATEST TRANSACTION
control field 20200218101656.0
010 ## - LCCN (DPL NO)
LC control number ENG-127888
020 ## - INTERNATIONAL STANDARD BOOK NUMBER
Terms of availability 1195.00
International Standard Book Number 9780199489626
035 ## - SYSTEM CONTROL NUMBER
System control number EN-111420
037 ## - SOURCE OF ACQUISITION
Source of stock number/acquisition DBAD/PUB
082 ## - DEWEY DECIMAL CLASSIFICATION NUMBER
Classification number 324.9540532
245 ## - TITLE STATEMENT
Title The algebra of warfare-welfare:
Statement of responsibility, etc edited by Irfan Ahmad [and] Pralay Kanungo
Remainder of title a long view of India's 2014 election/
260 ## - PUBLICATION, DISTRIBUTION, ETC. (IMPRINT)
Place of publication, distribution, etc New Delhi
Date of publication, distribution, etc 2019
Name of publisher, distributor, etc Oxford University Press
270 ## - ADDRESS
Address 2/11 Ground Floor,Ansari Road,Dariyaganj
Postal code 110002
City New Delhi
300 ## - PHYSICAL DESCRIPTION
Extent xvii;385p.
Other physical details 22(hb)
500 ## - GENERAL NOTE
General note includes bibliographical references and index<br/>
700 ## - ADDED ENTRY--PERSONAL NAME
Personal name Ahmad, Irfan,
700 ## - ADDED ENTRY--PERSONAL NAME
Personal name Kanungo, Pralay
942 ## - ADDED ENTRY ELEMENTS (KOHA)
Source of classification or shelving scheme Dewey Decimal Classification
Item type English Books
Classification part ALG
Call number prefix 324.9540532
Holdings
Withdrawn status Lost status Not for loan Collection code Home library Current library Date acquired Source of acquisition Cost, normal purchase price Full call number Barcode Copy number Cost, replacement price Koha item type
      Non-fiction Central Library Central Library 18/02/2020 DBAD/PUB 1195.00 ALG EN-111420 1 1195.00 English Books

© Delhi Public Library
Hit Counter
free hit counter